<?xml version="1.0" encoding="UTF-8"?>
<record
    xmlns:xsi="http://www.w3.org/2001/XMLSchema-instance"
    xsi:schemaLocation="http://www.loc.gov/MARC21/slim http://www.loc.gov/standards/marcxml/schema/MARC21slim.xsd"
    xmlns="http://www.loc.gov/MARC21/slim">

  <leader>00313nam a2200109 a 4500</leader>
  <controlfield tag="005">20201002033813.0</controlfield>
  <controlfield tag="008">130729s1933                  000   spa d</controlfield>
  <datafield tag="100" ind1=" " ind2=" ">
    <subfield code="a">Salvador, Humberto</subfield>
    <subfield code="9">66117</subfield>
  </datafield>
  <datafield tag="245" ind1=" " ind2="0">
    <subfield code="a">Esquema sexual.</subfield>
  </datafield>
  <datafield tag="260" ind1=" " ind2=" ">
    <subfield code="a">Buenos Aires, Argentina -- edit. claridad,</subfield>
    <subfield code="c">1933 -- 256 pag.</subfield>
  </datafield>
  <datafield tag="999" ind1=" " ind2=" ">
    <subfield code="c">39400</subfield>
    <subfield code="d">39400</subfield>
  </datafield>
  <datafield tag="040" ind1=" " ind2=" ">
    <subfield code="a">DO-SdBNP</subfield>
  </datafield>
</record>
